Algunas diferencias y similitudes entre la norma unificada argentina de contabilidad (NUA) y las normas internacionales de información financiera (NIIF). Ingresos de actividades ordinarias (Registro nro. 10593)
[ vista simple ]
| 000 -LEADER | |
|---|---|
| fixed length control field | 00480 a2200109 4500 |
| 001 - CONTROL NUMBER | |
| control field | ART_59284 |
| 005 - DATE AND TIME OF LATEST TRANSACTION | |
| control field | 20260410161610.0 |
| 008 - FIXED-LENGTH DATA ELEMENTS--GENERAL INFORMATION | |
| fixed length control field | 260409a |
| 100 1# - MAIN ENTRY--PERSONAL NAME | |
| Personal name | Zgaib, Alfredo O. |
| 245 10 - TITLE STATEMENT | |
| Title | Algunas diferencias y similitudes entre la norma unificada argentina de contabilidad (NUA) y las normas internacionales de información financiera (NIIF). Ingresos de actividades ordinarias |
| 773 0# - HOST ITEM ENTRY | |
| Title | Profesional & Empresaria |
| Related parts | - Año XXV, Nº 288 (sep. 2023) |
| Record control number | REV70 |
No hay ítems disponibles.